| 000 | 00682nam a2200205 a 4500 | ||
|---|---|---|---|
| 001 | 000306902 | ||
| 003 | AM-YeHGA | ||
| 005 | 20250618071951.0 | ||
| 008 | 040210s1976 ai r 000 0 lit d | ||
| 040 | _aAM-YeHGA | ||
| 041 | 0 | _alit | |
| 100 | 1 |
_aՊետրոսյան, Վարդգես Համազասպի, _d1932-1994 _91431 |
|
| 245 | 1 | 0 |
_aGyventi ir negyventi metal : _bApysaka / _cVardgesas Petrosianas; Is arm. kalbos verte R. Janauskaite. |
| 260 |
_aVilnius : _bVaga, _c1976. |
||
| 300 | _a200 с. | ||
| 546 | _aКн. на литов. яз. | ||
| 650 | 1 | 4 | _aАрмянская литература |
| 700 | 1 |
_aЯнаускайте, Рите. _eпер. _4trl |
|
| 090 | _c114526 | ||
| 999 |
_c113187 _d113187 |
||